<?xml version="1.0" encoding="utf-8"?>
<?xml-stylesheet type='text/xsl' href='./oai2.xsl'?>
<OAI-PMH xmlns="http://www.openarchives.org/OAI/2.0/" xmlns:xsi="http://www.w3.org/2001/XMLSchema-instance" xsi:schemaLocation="http://www.openarchives.org/OAI/2.0/ http://www.openarchives.org/OAI/2.0/OAI-PMH.xsd">
  <responseDate>2026-04-30T00:59:45Z</responseDate>
  <request verb="GetRecord" metadataPrefix="marcxml" identifier="isil_DE-MUS-026819_7196">https://kulturerbe.niedersachsen.de/oai</request>
  <GetRecord>
    <record>
      <header>
        <identifier>isil_DE-MUS-026819_7196</identifier>
        <datestamp>2012-02-14T16:50:42Z</datestamp>
        <setSpec>slg0022</setSpec>
      </header>
      <metadata>
        <marc:record xmlns:marc="http://www.loc.gov/MARC21/slim" xsi:schemaLocation="http://www.loc.gov/MARC21/slim http://www.loc.gov/standards/marcxml/schema/MARC21slim.xsd">
          <marc:leader>12345nkm  22     uu 4500</marc:leader>
          <marc:controlfield tag="001">7196</marc:controlfield>
          <marc:controlfield tag="005">2012-02-14T17:50:42</marc:controlfield>
          <marc:controlfield tag="008">|           ||||||||||||||||||||||</marc:controlfield>
          <marc:datafield tag="245" ind1="1" ind2="0">
            <marc:subfield code="a">Simson mit den Türen des Tempels von Gaza</marc:subfield>
          </marc:datafield>
          <marc:datafield tag="720" ind1=" " ind2=" ">
            <marc:subfield code="a">Harms</marc:subfield>
          </marc:datafield>
          <marc:datafield tag="655" ind1=" " ind2="7">
            <marc:subfield code="a">Grafik</marc:subfield>
          </marc:datafield>
          <marc:datafield tag="046" ind1=" " ind2=" ">
            <marc:subfield code="k">1682</marc:subfield>
            <marc:subfield code="k">1682</marc:subfield>
          </marc:datafield>
          <marc:datafield tag="260" ind1=" " ind2=" ">
            <marc:subfield code="g">1682</marc:subfield>
            <marc:subfield code="g">1682</marc:subfield>
          </marc:datafield>
          <marc:datafield tag="300" ind1=" " ind2=" ">
            <marc:subfield code="a">180 x 363 mm</marc:subfield>
          </marc:datafield>
          <marc:datafield tag="520" ind1=" " ind2=" ">
            <marc:subfield code="a">Bezeichnet unten Mitte mit Feder in Braun: No/ [...]; Verso Oben Mitte mit Feder in Braun: in der Schlos Capele a fresco gemalet. in weissenfels 1682 7ber. JOHarms. | Entwurf für Wand- bzw. Deckengemälde: Schlosskirche St. Trinitatis zu Weißenfels. Teil einer typologisch aufgebauten Bildfolge mit Szenen des Alten und Neuen Testaments für die länglichen als Brüstung angelegten Bildfelder der Emporen in der Schlosskirche, die 'in grünem Camayeux mit starken Temperahöhungen' ausgeführt wurden, vgl. Tintelnot, 254. | Das Herzog Anton Ulrich Museum Braunschweig besitzt den zeichnerischen Nachlass des Malers, Graphikers und Bühnenbildners Johann Oswald Harms. Anton Friedrich Harms, der 1737 Hofmaler und Verwalter der Salzdahlumer Galerie wurde, stellte die Zeichnungen seines Vaters in neun Klebebänden zusammen. Drei dieser Bände wurden um 1930 aufgelöst. Ein großer Teil der Zeichnungen befindet sich noch heute in den Sammelbänden. | Grundl.: Manfred Boetzkes, in: the New Grove Dictionary of Opera (Hrsg.: Stanley Sadie), 4 Bde., London 1998, Bd. 2, p. 648, Art.: Harms, Johann Oswald; Werkverzeichnis der Entwürfe für Bühnenausstattung und Festarchitektur: Horst Richter: Johann Oswald Harms. Ein deutscher Theaterdekorateur des Barock, Emsdetten 1963 (Die Schaubühne. Quellen und Forschungen zur Theatergeschichte; 58). Lit.: Hans Tintelnot, Johann Oswald Harms. Ein nordddeutscher Maler des Barock, in: Zeitschrift des deutschen Vereins für Kunstwissenschaft, Bd. 8 (1941) S. 252ff.; Christian von Heusinger, in: Ausst. Kat. 1990, 300 Jahre Theater in Braunschweig 1690-1990, Braunschweig 1990, S. 437ff.; ders.: Die Handzeichnungssammlung, 2 Bde., Braunschweig 1992 und 1997 (Sammlungskataloge des Herzog Anton Ulrich-Museums Braunschweig; 2 und 3); Ausst. Kat. Weißenfels 1994, Eleonore Sent (Hrsg.): "300 Jahre Vollendung der Neuen Augustusburg-Residenz der Herzöge von Sachsen-Weißenfels", Kat. Nr. I.24, Abb. 58.</marc:subfield>
          </marc:datafield>
          <marc:datafield tag="650" ind1="1" ind2=" ">
            <marc:subfield code="a">Simson</marc:subfield>
          </marc:datafield>
          <marc:datafield tag="650" ind1="1" ind2=" ">
            <marc:subfield code="a">Gazaa</marc:subfield>
          </marc:datafield>
          <marc:datafield tag="650" ind1="1" ind2=" ">
            <marc:subfield code="a">Tempel</marc:subfield>
          </marc:datafield>
          <marc:datafield tag="650" ind1="1" ind2=" ">
            <marc:subfield code="a">Tür</marc:subfield>
          </marc:datafield>
          <marc:datafield tag="650" ind1="1" ind2=" ">
            <marc:subfield code="a">Stadt</marc:subfield>
          </marc:datafield>
          <marc:datafield tag="650" ind1="1" ind2=" ">
            <marc:subfield code="a">Flucht</marc:subfield>
          </marc:datafield>
          <marc:datafield tag="650" ind1="1" ind2=" ">
            <marc:subfield code="a">Diebstahl</marc:subfield>
          </marc:datafield>
          <marc:datafield tag="650" ind1="1" ind2=" ">
            <marc:subfield code="a">Nacht</marc:subfield>
          </marc:datafield>
          <marc:datafield tag="650" ind1="1" ind2=" ">
            <marc:subfield code="a">Mond</marc:subfield>
          </marc:datafield>
          <marc:datafield tag="650" ind1="1" ind2=" ">
            <marc:subfield code="a">Landschaft</marc:subfield>
          </marc:datafield>
          <marc:datafield tag="650" ind1="1" ind2=" ">
            <marc:subfield code="a">Wald</marc:subfield>
          </marc:datafield>
          <marc:datafield tag="650" ind1="1" ind2=" ">
            <marc:subfield code="a">Dunkelheit</marc:subfield>
          </marc:datafield>
          <marc:datafield tag="650" ind1="1" ind2=" ">
            <marc:subfield code="a">Turm</marc:subfield>
          </marc:datafield>
          <marc:datafield tag="650" ind1="1" ind2=" ">
            <marc:subfield code="a">Mann</marc:subfield>
          </marc:datafield>
          <marc:datafield tag="773" ind1="0" ind2=" ">
            <marc:subfield code="t">Bedeutende europäische Handzeichnungen im Kupferstichkabinett des Herzog Anton Ulrich-Museums Braunschweig</marc:subfield>
          </marc:datafield>
          <marc:datafield tag="852" ind1=" " ind2=" ">
            <marc:subfield code="a">Herzog Anton Ulrich-Museum Braunschweig</marc:subfield>
          </marc:datafield>
          <marc:datafield tag="" ind1=" " ind2=" ">
            <marc:subfield code="a">Namensnennung - Nicht-kommerziell - Weitergabe unter gleichen Bedingungen 4.0 International (CC BY-NC-SA 4.0)</marc:subfield>
          </marc:datafield>
        </marc:record>
      </metadata>
    </record>
  </GetRecord>
</OAI-PMH>
